Normal view
MARC view
- الاستشراق والمستشرقون-الغزو الفكري
Entry Topical Term
001 - CONTROL NUMBER
- control field: 62079
003 - CONTROL NUMBER IDENTIFIER
- control field: JO-AjAnu
005 - DATE AND TIME OF LATEST TRANSACTION
- control field: 20230606084136.0
008 - FIXED-LENGTH DATA ELEMENTS
- fixed length control field: 230606|| aca||aabn | a|a d
040 ## - CATALOGING SOURCE
- Original cataloging agency: JO-AjAnu
- Transcribing agency: JO-AjAnu
150 ## - HEADING--TOPICAL TERM
- Topical term or geographic name entry element: الاستشراق والمستشرقون-الغزو الفكري
670 ## - SOURCE DATA FOUND
- Source citation: Work cat.: (JO-AjAnu)31660: فؤاد، عبد المنعم, author 62078, من افتراءات المستشرقين على الاصول العقدية في الاسلام